000 00344nam a2200133Ia 4500
008 240624s9999 xx 000 0 und d
041 _aeng
082 _a658.4092 OWE
100 _aOWEN JO
245 _aLEADERSHIP SKILLS HANDBOOK 50 KEY SKILLS
260 _c2007
_aNew Delhi
_bKogan Page
300 _ax, : 214 : p. : cm. ; 21
365 _cRS
_b32
999 _c7656
_d7656